[Event "Mittelfranken-chTB2a 1617"]
[Site "Mittelfranken"]
[Date "2016.11.13"]
[Round "2.7"]
[White "Fisch, Gerald"]
[Black "Lehmann, Tornalf"]
[Result "1-0"]
[WhiteElo "1734"]
[BlackElo "1591"]
[PlyCount "119"]
[EventDate "2016.10.23"]
[EventType "team-tourn"]
[EventRounds "9"]
[EventCountry "GER"]
[SourceTitle "EXT 2022"]
[Source "ChessBase"]
[SourceDate "2021.10.06"]
[SourceVersion "1"]
[SourceVersionDate "2021.10.06"]
[SourceQuality "1"]
[WhiteTeam "Zirndorf II"]
[BlackTeam "Heilsbronn"]
[WhiteTeamCountry "GER"]
[BlackTeamCountry "GER"]

1. d4 Nf6 2. c4 e5 3. d5 Bb4+ 4. Bd2 a5 5. a3 Bxd2+ 6. Nxd2 d6 7. e4 Na6 8. Bd3 Nc5 9. Bc2 0-0 10. Ne2 a4 11. Nc3 Bd7 12. 0-0 Ng4 13. h3 Nh6 14. Qh5 f5 15. f4 Be8 16. Qe2 exf4 17. Rxf4 Bd7 18. Raf1 Qg5 19. e5 Rae8 20. e6 Nxe6 21. dxe6 Rxe6 22. Qf2 Bc6 23. Bxa4 Bxa4 24. Nxa4 Rfe8 25. Nc3 c6 26. Nde4 Qe7 27. Ng3 g6 28. Rd4 Nf7 29. Rd2 Ne5 30. b3 Nd7 31. Re2 Ne5 32. Qd4 Qg7 33. Qd2 Qe7 34. Rf4 Qg5 35. Nf1 Qe7 36. Re3 Nd7 37. Rxe6 Qxe6 38. Rd4 Nc5 39. Rxd6 Qe5 40. Rd8 Qe7 41. Rxe8+ Qxe8 42. b4 Ne4 43. Qe3 Qe5 44. Nxe4 fxe4 45. Nd2 Qa1+ 46. Kf2 Qf6+ 47. Ke2 Qb2 48. c5 Kg7 49. Qxe4 Qxa3 50. Qe7+ Kg8 51. Qxb7 Qa4 52. Qc8+ Kg7 53. Qd7+ Kh6 54. Qd4 Qb5+ 55. Kf2 Qb7 56. Ne4 Qf7+ 57. Kg3 Qb3+ 58. Kh2 Qe6 59. Nf2 g5 60. Qd6 1-0

[Event "Mittelfranken-chTB2a 1516"]
[Site "Mittelfranken"]
[Date "2015.11.22"]
[Round "3.5"]
[White "Boese, Carolin"]
[Black "Fisch, Gerald"]
[Result "0-1"]
[WhiteElo "1632"]
[BlackElo "1706"]
[PlyCount "64"]
[EventDate "2015.10.18"]
[EventType "team-tourn"]
[EventRounds "9"]
[EventCountry "GER"]
[SourceTitle "EXT 2020"]
[Source "ChessBase"]
[SourceDate "2019.10.17"]
[SourceVersion "1"]
[SourceVersionDate "2019.10.17"]
[SourceQuality "1"]
[WhiteTeam "Bechhofen II"]
[BlackTeam "Zirndorf II"]
[WhiteTeamCountry "GER"]
[BlackTeamCountry "GER"]

1. e4 c5 2. Nc3 Nc6 3. g3 g6 4. Bg2 Bg7 5. d3 d6 6. f4 e6 7. Nf3 Qb6 8. 0-0 Nge7 9. Kh1 0-0 10. Qe1 Nd4 11. Nxd4 cxd4 12. Ne2 Bd7 13. c3 dxc3 14. bxc3 Rac8 15. d4 Rc4 16. Ba3 Ra4 17. Bc1 Qa6 18. Qd2 Bb5 19. Re1 Bc4 20. a3 d5 21. e5 Rc8 22. Bf1 Bf8 23. Bb2 Nc6 24. Reb1 Na5 25. Qd1 Nb3 26. Ra2 Nd2 27. Raa1 Nxf1 28. Qxf1 Bxe2 29. Qe1 Bf3+ 30. Kg1 Be4 31. Rc1 Bxa3 32. Qd1 Rcc4 0-1